000 00667nam a2200205Ia 4500
003 IN-BaIIA
008 211028s9999 xx 000 0 eng d
040 _cIIA Library
080 _a059:52
_bIMD
110 _aIndia. Meteorological Department
245 4 _aThe Indian astronomical ephemeris for the year 2003
_cIndia Meteorological Department
260 _aDelhi
_bIndia meteorological Department
_c2002
300 _avi, 577p.
650 _aChronological Table
_927946
650 _aDuration of Twilight
_927947
650 _aEphemerides of Planets
_927948
650 _aPhases of the Moon
_927949
650 _aStars
942 _cBK
999 _c15204
_d15204